|
|
|
|
| LEADER |
00000nas a2200000 4500 |
| 001 |
ssj0007122 |
| 003 |
WaSeSS |
| 005 |
20200512172242.0 |
| 006 |
m d |
| 007 |
cr n |
| 008 |
760712d19321996nyuwr p s 0 a0eng c |
| 010 |
|
|
|a 36011310
|z sn 78004903
|
| 022 |
|
|
|l 0038-9358
|y 0038-9358
|
| 032 |
|
|
|a 517460
|b USPS
|
| 035 |
|
|
|a (WaSeSS)ssj0007122
|
| 037 |
|
|
|b H.L. Lindquist Publications. 85 Canisteo St., Hornell, N.Y. 14853
|
| 040 |
|
|
|a QPR
|b eng
|c QPR
|d YUS
|d COO
|d NSD
|d MUL
|d OCL
|d DLC
|d OCL
|d AIP
|d NSD
|d HUL
|d DLC
|d HUL
|d OCLCQ
|d OCLCG
|d OCLCQ
|d OCLCF
|d OCLCO
|d GILDS
|d OCLCO
|d OCLCQ
|d WaSeSS
|
| 042 |
|
|
|a nsdp
|a pcc
|
| 050 |
0 |
0 |
|a HE6187
|b .S77
|
| 082 |
0 |
4 |
|a 769.56/05
|
| 210 |
0 |
|
|a Stamps
|b (N.Y.N.Y., 1932)
|
| 222 |
|
0 |
|a Stamps
|b (New York, N.Y. 1932)
|
| 245 |
0 |
0 |
|a Stamps
|h [electronic resource].
|
| 260 |
|
|
|a [Hornell, N.Y., etc.],
|b [Lindquist Publications]
|
| 310 |
|
|
|a Weekly
|
| 362 |
0 |
|
|a v. 1-255, no. 11; Sept. 17, 1932-June 8, 1996.
|
| 500 |
|
|
|a "Weekly magazine of philately."
|
| 500 |
|
|
|a Editor: H.L. Lindquist.
|
| 506 |
|
|
|a License restrictions may limit access.
|
| 580 |
|
|
|a Merged with: Mekeel's weekly stamp news, to form: Mekeel's weekly and stamps.
|
| 650 |
|
0 |
|a Stamp collecting
|v Periodicals.
|
| 650 |
|
7 |
|a Stamp collecting.
|2 fast
|0 (OCoLC)fst01131421
|
| 655 |
|
0 |
|a Electronic journals.
|
| 700 |
1 |
|
|a Lindquist, H. L.
|q (Harry L.)
|
| 785 |
1 |
7 |
|t Mekeel's weekly stamp news
|x 0025-8857
|w (DLC)ca 08002613
|w (OCoLC)1757073
|
| 785 |
1 |
7 |
|t Mekeel's weekly and stamps
|w (DLC)sn 96032495
|w (OCoLC)34993950
|
| 850 |
|
|
|a DLC
|a MH
|
| 856 |
4 |
0 |
|z Full text available from Research Library: 01/01/1994 to 06/08/1996
|u https://search.proquest.com/publication/48052
|